Is economic evaluation of housing programmes justifiable? (Record no. 24922)

000 -LEADER
fixed length control field 00416pab a2200145 454500
008 - FIXED-LENGTH DATA ELEMENTS--GENERAL INFORMATION
fixed length control field 180718b xxu||||| |||| 00| 0 eng d
100 ## - MAIN ENTRY--PERSONAL NAME
Personal name Jemavathi S.
245 ## - TITLE STATEMENT
Title Is economic evaluation of housing programmes justifiable?
362 ## - DATES OF PUBLICATION AND/OR SEQUENTIAL DESIGNATION
Dates of publication and/or sequential designation 25(2) Apr-Jun 93, p.68-74
650 ## - SUBJECT ADDED ENTRY--TOPICAL TERM
Topical term or geographic name entry element Shelter -- Economic Aspects
650 ## - SUBJECT ADDED ENTRY--TOPICAL TERM
Topical term or geographic name entry element Housing -- Economic Aspects
700 ## - ADDED ENTRY--PERSONAL NAME
Personal name Anantharajan T.
773 ## - HOST ITEM ENTRY
Main entry heading Nagarlok
909 ## -
-- 24922
Holdings
Withdrawn status Lost status Damaged status Not for loan Permanent Location Current Location Date acquired Barcode Date last seen Price effective from Koha item type
        Indian Institute of Public Administration Indian Institute of Public Administration 2018-07-19 AR24994 2018-07-19 2018-07-19 Articles

Powered by Koha